Statistics for Top 15 Countries with Covid-19 Cases - 24 Feb 2021

Click here to take the quiz!

General Stats

  • This quiz has been taken 17 times
  • The average score is 17 of 27

Answer Stats

country% Correct
France
100%
Italy
100%
Russia
100%
United States
100%
Brazil
94%
Germany
94%
Mexico
94%
United Kingdom
94%
India
88%
Spain
88%
Argentina
82%
Turkey
65%
Iran
59%
Sweden
59%
Poland
53%
Belgium
47%
Israel
47%
Netherlands
47%
Portugal
47%
Colombia
41%
Czechia
41%
Switzerland
41%
Panama
29%
Slovenia
24%
Bahrain
18%
Georgia
18%
Lithuania
18%

Score Distribution

Percentile by Number Answered

Percent of People with Each Score

Your Score History

You have not taken this quiz